Statistics for Signs of the Zodiac Quiz

Click here to take the quiz!

General Stats

  • This quiz has been taken 117,135 times
  • The average score is 10 of 12

Answer Stats

Starts Sign % Correct
July 23Leo
90%
June 21Cancer
88%
November 21Sagittarius
84%
April 20Taurus
83%
May 21Gemini
83%
February 19Pisces
83%
December 21Capricorn
81%
January 20Aquarius
78%
September 23Libra
77%
August 23Virgo
76%
October 23Scorpio
76%
March 21Aries
75%

Score Distribution

Percentile by Number Answered

Percent of People with Each Score

Your Score History

You have not taken this quiz